000 00436ntaaa2200181 4500
003 01
005 20251027201404.0
008 0714s1973 ag 01
040 _aAR-BaBN
_bspa
_cAR-BaBN
_eaacr
_dRIC
082 _a225.8200 O59
100 _avan Oosterzee, J. J.
_912371
245 _aThe theology of the New Testament
250 _a1 ed.
260 _as.l.,
_cn.f.
650 _aTeologĂ­a
650 _aBiblia-Estudio
_95287
942 _cBK
999 _c8417
_d8417